000 00893cam6a220026500 4500
001 lcf00045394
008 740111s1973 fr b 001 0 fre
010 _a 73180068 //r84
015 _aF***
020 _c30.00F
035 _a(Sirsi) r120832
035 _a(DLC) 73180068 //r84
035 _a(UPRA)lcf00045394
050 0 _aP61
_b.J27
100 1 _aJacob, Andre.
_6A87657.1
245 1 0 _aGenese de la pensee linguistique
_c[par] Andre Jacob. Avec la collaboration de Pierre Caussat et Robert Nadeau.
260 _aParis,
_bA. Colin
_c[1973]
490 0 _aLinguistique
_6S13080.1
504 _aBibliography: p. 315-321.
650 0 _aLinguistics -- History.
_xLinguistics -- History.
_6S34362.1
700 1 _aCaussat, Pierre.
_6A87658.1
700 1 _aNadeau, Robert 1944-
_dNadeau, Robert 1944-
_6A111110.1
949 _aP61
_wlcc
_i-173734
_mMAIN
_tBOOK
_lON-SHELF
004 120832
999 _c66171
_d66171